Gender in world history / (Record no. 32796)
[ view plain ]
| 000 -LEADER | |
|---|---|
| fixed length control field | 02670nam a22003617a 4500 |
| 003 - CONTROL NUMBER IDENTIFIER | |
| control field | OSt |
| 005 - DATE AND TIME OF LATEST TRANSACTION | |
| control field | 20240718122226.0 |
| 008 - FIXED-LENGTH DATA ELEMENTS--GENERAL INFORMATION | |
| fixed length control field | 240718b |||||||| |||| 00| 0 eng d |
| 020 ## - INTERNATIONAL STANDARD BOOK NUMBER | |
| International Standard Book Number | 9781138853102 (hardback) |
| 020 ## - INTERNATIONAL STANDARD BOOK NUMBER | |
| International Standard Book Number | 9781138853119 (paperback) |
| 020 ## - INTERNATIONAL STANDARD BOOK NUMBER | |
| Canceled/invalid ISBN | 9781315722276 (e-book) |
| 040 ## - CATALOGING SOURCE | |
| Original cataloging agency | MMU |
| Language of cataloging | eng |
| Transcribing agency | MMU |
| Description conventions | MMU |
| Modifying agency | MMU |
| 042 ## - AUTHENTICATION CODE | |
| Authentication code | pcc |
| 050 00 - LIBRARY OF CONGRESS CALL NUMBER | |
| Classification number | HQ1075 |
| Item number | .S73 2015 |
| 082 00 - DEWEY DECIMAL CLASSIFICATION NUMBER | |
| Classification number | 305.309 |
| Edition number | 23 |
| 100 1# - MAIN ENTRY--PERSONAL NAME | |
| Personal name | Stearns, Peter N. |
| 9 (RLIN) | 952 |
| 245 10 - TITLE STATEMENT | |
| Title | Gender in world history / |
| Statement of responsibility, etc. | Peter N. Stearns. |
| 250 ## - EDITION STATEMENT | |
| Edition statement | Third edition. |
| 264 #1 - PRODUCTION, PUBLICATION, DISTRIBUTION, MANUFACTURE, AND COPYRIGHT NOTICE | |
| Place of production, publication, distribution, manufacture | New York : |
| Name of producer, publisher, distributor, manufacturer | Routledge, |
| Date of production, publication, distribution, manufacture, or copyright notice | [2015] |
| 300 ## - PHYSICAL DESCRIPTION | |
| Extent | x, 210 pages ; |
| Dimensions | 24 cm. |
| 336 ## - CONTENT TYPE | |
| Content type term | text |
| Source | rdacontent |
| 337 ## - MEDIA TYPE | |
| Media type term | unmediated |
| Source | rdamedia |
| 338 ## - CARRIER TYPE | |
| Carrier type term | volume |
| Source | rdacarrier |
| 490 0# - SERIES STATEMENT | |
| Series statement | Themes in world history |
| 500 ## - GENERAL NOTE | |
| General note | Includes index. |
| 505 0# - FORMATTED CONTENTS NOTE | |
| Formatted contents note | Introduction -- PART I. AGRICULTURAL SOCIETIES -- The traditional framework : agriculture, patriarchy, civilizations -- Early contacts : influences from cultural diversity -- Buddhism and Chinese women -- Islamic standards outside the heartland : changes and continuities in India and sub-Saharan Africa -- The Chinese influence -- Conclusion of PART I. : gender and contacts in agricultural societies -- PART II. NEW PATTERNS OF CONTACT, 1500-1900 -- Europeans and native Americans -- Men and women amid British imperialism in India -- Western influences and regional reactions : Polynesia and Africa -- Reform movements and gender : beyond the colonial models -- Conclusion of PART II. : gender contact amid rising world trade -- PART III. THE CONTEMPORARY WORLD -- Immigration as culture contact -- New international influences : feminism and Marxism -- Contact and retract : the Middle East in the contemporary era -- Latin America : the role of contact in basic change -- Global consumer culture : the question of impact -- Globalization and resistance -- Conclusion of PART III. : gender and contacts in modern societies -- Epilogue -- Big picture : from patriarchy to new debate : the role of contacts in the evolution of gender. |
| 520 ## - SUMMARY, ETC. | |
| Summary, etc. | "Covering societies from classical times to the twenty-first century, Gender in World History is a fascinating exploration of what happens to established ideas about men, women, and gender roles when different cultural systems come into contact. Now in its third edition, the book has been thoroughly updated"-- Provided by publisher. |
| 650 #0 - SUBJECT ADDED ENTRY--TOPICAL TERM | |
| Topical term or geographic name as entry element | Sex role |
| General subdivision | History. |
| 9 (RLIN) | 953 |
| 650 #0 - SUBJECT ADDED ENTRY--TOPICAL TERM | |
| Topical term or geographic name as entry element | Man-woman relationships |
| General subdivision | History. |
| 9 (RLIN) | 954 |
| 650 #0 - SUBJECT ADDED ENTRY--TOPICAL TERM | |
| Topical term or geographic name as entry element | Sex differences |
| General subdivision | History. |
| 9 (RLIN) | 955 |
| 942 ## - ADDED ENTRY ELEMENTS (KOHA) | |
| Source of classification or shelving scheme | Library of Congress Classification |
| Koha item type | L |
| Withdrawn status | Lost status | Source of classification or shelving scheme | Damaged status | Not for loan | Home library | Current library | Date acquired | Source of acquisition | Total Checkouts | Full call number | Barcode | Date last seen | Price effective from | Koha item type |
|---|---|---|---|---|---|---|---|---|---|---|---|---|---|---|
| Library of Congress Classification | Maasai Mara University Library -Main Campus | Maasai Mara University Library -Main Campus | 07/18/2024 | purchased | HQ1075 .S73 2015 | 24039600 | 07/18/2024 | 07/18/2024 | L |